| 000 | 01462nam0a2200301 4500 | ||
|---|---|---|---|
| 001 | RU\NLR\BIBL_A\022426059 | ||
| 005 | 20250625231041.0 | ||
| 010 |
_a5-7479-0292-Х _93000 |
||
| 035 | _a(NLR Aleph) 022426059 | ||
| 090 |
_a13340843 _c13340843 |
||
| 100 | _a20250114d1991 |||y0rusy50 ca | ||
| 101 | 0 | _akhk | |
| 102 | _aRU | ||
| 105 | _aa z 000 y | ||
| 181 | 0 |
_ai _baxxe |
|
| 182 | 0 | _an | |
| 200 | 1 |
_aАат табызы _eповестьер _fВалентина Татарова |
|
| 203 |
_aТекст _bвизуальный _cнепосредственный |
||
| 210 |
_aАғбан _cХызылчар книга издательствозының Хакасиядағы пӧлiгi _d1991 |
||
| 215 |
_a232 с. _cил. _d21 |
||
| 330 | _aВ книгу вошли повести "На речке Иренак", "Белая айра", "Крик турпана". В них автор поднимает злободневные проблемы экологии и защиты окружающей среды, исследует внутренний мир героев через их отношение к природе, истории, обществу. | ||
| 541 | 1 |
_aКрик турпана _eповести на хакас. яз. _zrus |
|
| 686 | 1 | _aШ6(2=Х)7-4 | |
| 700 | 1 |
_aТатарова _bВ. К. _f1952- _gВалентина Кирилловна _4070 |
|
| 852 |
_aNLR _bОНЛ _jХакас./3-526 |
||
| 942 | _cBOOK | ||
| 980 | _aNB | ||